00367nam a2200109 a 45000010005000000030005000050050017000100080041000270400020000682450063000882600106001515165CDMR20130116135305.0130130s2004||||||||||||||||||||||||||||d aCDMRbcatcCDMR 0aLlibre del Fòrum Mundial de la Televisió Infantil 2003 aBarcelonac2004bObservatori Europeu de la Televisió Infantil. Comissionat de les Arts Audiovisuals